[Event "Titled Tuesday intern op 05th Jul Late"]
[Site "Chess.com INT"]
[Date "2022.07.05"]
[Round "1"]
[White "Peralta, Eduardo"]
[Black "Efremova, Yulia"]
[Result "1-0"]
[WhiteElo "2238"]
[BlackElo "2127"]
[PlyCount "101"]
[EventDate "2022.07.05"]
[EventType "swiss (blitz)"]
[EventRounds "11"]
[EventCountry "USA"]
[SourceTitle "CBM 209 Extra"]
[Source "ChessBase"]
[SourceDate "2022.09.30"]
[SourceVersion "1"]
[SourceVersionDate "2022.09.30"]
[SourceQuality "1"]

1. d4 Nf6 2. c4 g6 3. Nc3 Bg7 4. e4 d6 5. f3 0-0 6. Bg5 c6 7. Nge2 Qc7 8. Qd2 e5 9. d5 a5 10. Ng3 Nbd7 11. Be2 Re8 12. 0-0 Nf8 13. Rfd1 c5 14. a3 a4 15. b3 axb3 16. Qb2 Bd7 17. Qxb3 h6 18. Be3 Reb8 19. a4 h5 20. Rdb1 h4 21. Nh1 Nh5 22. g3 hxg3 23. hxg3 Qd8 24. a5 Qf6 25. a6 b6 26. Kf2 Nh7 27. Qa2 Ng5 28. a7 Rb7 29. Qa6 Rbxa7 30. Qxa7 Rxa7 31. Rxa7 Be8 32. Ra8 Qe7 33. Rxb6 Nf6 34. Rbb8 Kh7 35. Bxg5 Ng4+ 36. fxg4 Qxg5 37. Rxe8 Qd2 38. Nd1 Qd4+ 39. Kf3 f5 40. gxf5 gxf5 41. exf5 e4+ 42. Rxe4 Qd2 43. Nhf2 Bh6 44. Re7+ Bg7 45. Raa7 Kh6 46. Ng4+ Kh5 47. Rxg7 Qc3+ 48. Nge3 Qxg7 49. Kf4+ Kh6 50. Rxg7 Kxg7 51. Kg5 1-0

[Event "Titled Tuesday intern op 10th May Late"]
[Site "Chess.com INT"]
[Date "2022.05.10"]
[Round "6"]
[White "Oganian, Miran"]
[Black "Peralta, Eduardo"]
[Result "1-0"]
[WhiteElo "2437"]
[BlackElo "2238"]
[PlyCount "47"]
[EventDate "2022.05.10"]
[EventType "swiss (blitz)"]
[EventRounds "11"]
[EventCountry "USA"]
[SourceTitle "CBM 208 Extra"]
[Source "ChessBase"]
[SourceDate "2022.07.31"]
[SourceVersion "1"]
[SourceVersionDate "2022.07.31"]
[SourceQuality "1"]

1. e4 c5 2. Nf3 Nc6 3. c3 e5 4. d4 cxd4 5. cxd4 exd4 6. Nxd4 Nf6 7. Nxc6 bxc6 8. Bd3 d6 9. 0-0 Be7 10. Nc3 0-0 11. h3 Rb8 12. b3 Be6 13. Bb2 c5 14. Qe2 Re8 15. Kh1 Qa5 16. f4 Bd7 17. e5 Bf8 18. Ne4 dxe5 19. Nxf6+ gxf6 20. fxe5 fxe5 21. Bxe5 c4 22. Bxh7+ Kxh7 23. Qh5+ Kg8 24. Qxf7# 1-0

[Event "Titled Tuesday intern op 10th May Late"]
[Site "Chess.com INT"]
[Date "2022.05.10"]
[Round "4"]
[White "Peralta, Eduardo"]
[Black "Ohanyan, Emin"]
[Result "1/2-1/2"]
[WhiteElo "2238"]
[BlackElo "2366"]
[PlyCount "490"]
[EventDate "2022.05.10"]
[EventType "swiss (blitz)"]
[EventRounds "11"]
[EventCountry "USA"]
[SourceTitle "CBM 208 Extra"]
[Source "ChessBase"]
[SourceDate "2022.07.31"]
[SourceVersion "1"]
[SourceVersionDate "2022.07.31"]
[SourceQuality "1"]

1. Nf3 d5 2. g3 Nf6 3. Bg2 g6 4. 0-0 Bg7 5. c4 c6 6. d4 0-0 7. Qb3 Nbd7 8. Nc3 Nb6 9. cxd5 cxd5 10. Bf4 Ne4 11. Rfd1 Nxc3 12. bxc3 Bd7 13. a4 Bc6 14. Ne5 Rc8 15. a5 Nc4 16. Nxc6 bxc6 17. e4 e6 18. a6 g5 19. Bc1 Rb8 20. Qa4 Rb6 21. Ba3 Nxa3 22. Qxa3 Qb8 23. Qe7 h6 24. Qc5 Rc8 25. Qa5 Rb5 26. Qa4 Qb6 27. Bf1 Rb2 28. Ra2 Rxa2 29. Qxa2 Rb8 30. Qa4 Bf8 31. exd5 cxd5 32. c4 dxc4 33. Qxc4 Rd8 34. d5 Bg7 35. Rd3 exd5 36. Rxd5 Rxd5 37. Qxd5 Bd4 38. Qa8+ Kg7 39. Qf3 Qe6 40. h3 f5 41. Kg2 g4 42. Qb7+ Kf6 43. hxg4 fxg4 44. Bd3 h5 45. Qh7 Qd5+ 46. Be4 Qe5 47. Qg6+ Ke7 48. Qh7+ Kd6 49. Qg6+ Ke7 50. Bb7 Qc5 51. Qh7+ Kd6 52. Qg6+ Kc7 53. Qf7+ Kb6 54. Qe6+ Ka5 55. Qa2+ Kb4 56. Qb1+ Ka3 57. Qd3+ Ka2 58. Qe2+ Ka1 59. Be4 Qc3 60. Qd1+ Kb2 61. Qb1+ Ka3 62. Qd1 Qb2 63. Qf1 Kb4 64. Bg6 h4 65. gxh4 Be5 66. Bh5 g3 67. Qe1+ Bc3 68. Qe7+ Ka5 69. Qd8+ Ka4 70. Be8+ Ka3 71. Qe7+ Bb4 72. Qe3+ Ka2 73. Qxg3 Bc5 74. Bf7+ Ka1 75. Qf3 Qg7+ 76. Kh2 Bd6+ 77. Kh1 Qe5 78. Kg2 Qh2+ 79. Kf1 Qe5 80. Qd1+ Kb2 81. Qd2+ Ka3 82. Qe3+ Kb4 83. Qxe5 Bxe5 84. Bh5 Bf6 85. Be2 Bxh4 86. Kg2 Kc5 87. f3 Kd4 88. Kh3 Bf6 89. Kg4 Ke3 90. Kf5 Bd8 91. Bd1 Bc7 92. Ke6 Kd2 93. Bb3 Ke2 94. Bd5 Bg3 95. Kf5 Ke3 96. Kg4 Bc7 97. Kf5 Kd4 98. Ke6 Bg3 99. Bb7 Ke3 100. Kd7 Kf4 101. Kc7 Bf2 102. Kb8 Bg1 103. Ka8 Bb6 104. Bc6 Kf5 105. Kb7 Bc5 106. Kc8 Bf2 107. Bb7 Bg1 108. Kd7 Be3 109. Kd6 Bd4 110. Kd5 Bb6 111. Kc4 Kf4 112. Kd3 Be3 113. Ke2 Bc5 114. Kf1 Bb6 115. Kg2 Bc7 116. Kh3 Bd8 117. Be4 Be7 118. Kg2 Bf8 119. Kf1 Bg7 120. Ke2 Bh6 121. Bc2 Bg5 122. Bd1 Bh4 123. Kd3 Be7 124. Kd4 Bd8 125. Kc5 Bb6+ 126. Kd5 Bg1 127. Kd6 Ke3 128. Ke5 Bh2+ 129. Kf5 Kd2 130. Ba4 Ke2 131. Bc6 Ke3 132. Kg4 Kd4 133. Bb7 Ke5 134. Bc6 Ke6 135. f4 Bg1 136. Kf3 Kd6 137. Bb7 Bd4 138. Ke4 Bb2 139. Kf5 Ba1 140. Kg6 Ke7 141. f5 Bb2 142. Bc6 Bf6 143. Bb7 Be5 144. Kg5 Bd4 145. Kf4 Kf6 146. Ke4 Bb6 147. Bc8 Bg1 148. Kd5 Bf2 149. Kd6 Be3 150. Kd7 Bb6 151. Kc6 Be3 152. Be6 Bf2 153. Kd7 Bg1 154. Ke8 Bb6 155. Kf8 Bc5+ 156. Ke8 Ke5 157. Kd7 Bd4 158. Kc6 Ke4 159. Bc8 Kf4 160. Kd6 Kg5 161. Kd5 Bb6 162. Bd7 Kf6 163. Bc8 Ke7 164. Ke5 Kd8 165. Bb7 Ke8 166. Ke6 Kf8 167. Bd5 Bd4 168. f6 Be3 169. Ke5 Bg1 170. Kf5 Bb6 171. Ke6 Bd8 172. Bc6 Ba5 173. Bb5 Bb4 174. Bc4 Bd2 175. Kd6 Bg5 176. Ke6 Bh4 177. Kf5 Be1 178. Ke5 Bf2 179. Ke6 Bg1 180. Kd7 Bf2 181. Kc7 Bd4 182. Kb7 Bc5 183. Kb8 Bb6 184. Kb7 Bd4 185. Be6 Be3 186. Kc6 Ke8 187. Kd5 Bg5 188. f7+ Kf8 189. Kc6 Bh4 190. Bc4 Bf2 191. Kc7 Bc5 192. Kc6 Bb6 193. Bb3 Bd4 194. Kb7 Bf2 195. Kb8 Be3 196. Kc7 Bc5 197. Kc6 Bb6 198. Kb5 Ke7 199. Kc4 Bf2 200. Kd5 Be1 201. Kc6 Bb4 202. Kb7 Bc5 203. Ka8 Kd8 204. Kb7 Kd7 205. Bd1 Kd8 206. Bh5 Kd7 207. Bg6 Ke7 208. Bh5 Kf6 209. Bd1 Kxf7 210. Bb3+ Kf6 211. Ba2 Bb6 212. Bb3 Ke5 213. Ba2 Kd4 214. Bg8 Kd3 215. Bh7+ Kc3 216. Bg8 Bg1 217. Bh7 Kb4 218. Bg8 Bd4 219. Bh7 Kc3 220. Bg8 Kd2 221. Bh7 Ke3 222. Bg8 Kf4 223. Bh7 Bb6 224. Bb1 Kg5 225. Ba2 Kf6 226. Bb1 Kg7 227. Ba2 Kh8 228. Bb1 Bg1 229. Ba2 Kg7 230. Bb1 Kh6 231. Ba2 Kg5 232. Bb1 Kh4 233. Ba2 Kg3 234. Bc4 Kf2 235. Ba2 Ke3 236. Bg8 Kd4 237. Bh7 Kc5 238. Bg8 Kb5 239. Bh7 Ka5 240. Bg8 Bb6 241. Bh7 Kb4 242. Bg8 Kc5 243. Bh7 Kd6 244. Bg8 Ke7 245. Ba2 Kf8 1/2-1/2

[Event "Verano Cup"]
[Site "Tornelo INT"]
[Date "2022.01.27"]
[Round "10"]
[White "Peralta, Eduardo"]
[Black "Gutierrez Yanez, Carlos"]
[Result "1-0"]
[WhiteElo "2218"]
[BlackElo "2011"]
[PlyCount "93"]
[EventDate "2022.01.27"]
[EventType "tourn"]
[EventRounds "10"]
[EventCountry "VEN"]
[SourceTitle "EXT 2023"]
[Source "ChessBase"]
[SourceDate "2022.10.05"]
[SourceVersion "1"]
[SourceVersionDate "2022.10.05"]
[SourceQuality "1"]

1. d4 Nf6 2. Nf3 g6 3. c4 c5 4. d5 b5 5. a4 b4 6. b3 Bg7 7. Bb2 d6 8. Nbd2 0-0 9. e4 Bg4 10. Bd3 Nbd7 11. h3 Bxf3 12. Nxf3 a5 13. 0-0 Qc7 14. Qd2 h6 15. Rfe1 Kh7 16. e5 dxe5 17. Nxe5 Ne8 18. Ng4 Ndf6 19. Nxf6+ Nxf6 20. Re3 h5 21. Qe2 Rfe8 22. Re1 Ra7 23. Be5 Qd7 24. f4 Rh8 25. Qf2 Kg8 26. Bb2 Qd6 27. Re5 h4 28. R5e2 Rh5 29. Be5 Qb6 30. Qf3 Bf8 31. f5 Nd7 32. fxg6 fxg6 33. Bb2 Rg5 34. Re6 Qd8 35. Rxg6+ Rxg6 36. Bxg6 Nf6 37. Bf5 Bg7 38. Qf2 Ra6 39. Qxh4 Qe8 40. Be6+ Kf8 41. Qf2 Qg6 42. Qxc5 Rd6 43. Qc8+ Ne8 44. Rf1+ Bf6 45. Bxf6 exf6 46. c5 Rxe6 47. Qxe6 1-0

[Event "Titled Tuesday intern op 30th Nov"]
[Site "Chess.com INT"]
[Date "2021.11.30"]
[Round "4"]
[White "Pranav, V."]
[Black "Peralta, Eduardo"]
[Result "1-0"]
[WhiteElo "2486"]
[BlackElo "2218"]
[PlyCount "165"]
[EventDate "2021.11.30"]
[EventType "swiss (blitz)"]
[EventRounds "11"]
[EventCountry "USA"]
[SourceTitle "CBM 205 Extra"]
[Source "ChessBase"]
[SourceDate "2022.01.31"]
[SourceVersion "1"]
[SourceVersionDate "2022.01.31"]
[SourceQuality "1"]

1. e4 c5 2. Nf3 Nc6 3. Bb5 g6 4. 0-0 Bg7 5. c3 Nf6 6. Qa4 0-0 7. d4 cxd4 8. cxd4 d5 9. e5 Ne4 10. Bxc6 bxc6 11. Qxc6 Bg4 12. Nbd2 Rc8 13. Qa6 Nxd2 14. Nxd2 f6 15. h3 Bf5 16. Nf3 Be4 17. Nd2 Bf5 18. Re1 fxe5 19. dxe5 Rc7 20. Nb3 d4 21. Bg5 h6 22. Bd2 Qd5 23. Rac1 Rfc8 24. Rxc7 Rxc7 25. Qa4 Bc2 26. Qb4 d3 27. Qb8+ Kh7 28. Qxc7 Qf7 29. Nd4 Ba4 30. Qc3 Qd5 31. Qxd3 Bc6 32. f3 Be8 33. Bc3 Qxa2 34. Ne6 Qxe6 35. Qe3 a6 36. Qc5 Bb5 37. Rd1 g5 38. Rd8 h5 39. Qe3 Qf5 40. Qe4 Qxe4 41. fxe4 Kg6 42. Rb8 Bd3 43. Rb6+ Kf7 44. e6+ Kg6 45. Bxg7 Kxg7 46. e5 Kg6 47. Kf2 Kf5 48. Ke3 Bf1 49. g4+ hxg4 50. hxg4+ Kxe5 51. Rb8 Bc4 52. Rg8 Kf6 53. Rf8+ Ke5 54. Rf5+ Kxe6 55. Rxg5 Kf7 56. Rc5 Bb5 57. Kf4 Kf6 58. Rf5+ Kg6 59. Ke5 Bd7 60. Rf4 Kg5 61. Rf7 Bxg4 62. Rxe7 Be2 63. Rg7+ Kh6 64. Rg2 Bc4 65. Kf5 Bd3+ 66. Kf6 Kh7 67. Rg7+ Kh8 68. Rg3 Bc4 69. Rg4 Bd5 70. Ke5 Bc6 71. Rg3 Bb5 72. Kd6 Kh7 73. Kc5 Kh6 74. Kb6 Kh5 75. Ra3 Bc4 76. Rxa6 Kg6 77. Ra1 Kf5 78. Re1 Kf4 79. b4 Kf3 80. Kc5 Bd3 81. b5 Kf2 82. Re7 Kf3 83. b6 1-0

[Event "Titled Tuesday intern op 19th Oct"]
[Site "Chess.com INT"]
[Date "2021.10.19"]
[Round "8"]
[White "Peralta, Eduardo"]
[Black "Chernomordik, Pavel"]
[Result "0-1"]
[WhiteElo "2218"]
[BlackElo "2182"]
[PlyCount "72"]
[EventDate "2021.10.19"]
[EventType "swiss (blitz)"]
[EventRounds "11"]
[EventCountry "USA"]
[SourceTitle "CBM 204 Extra"]
[Source "ChessBase"]
[SourceDate "2021.11.30"]
[SourceVersion "1"]
[SourceVersionDate "2021.11.30"]
[SourceQuality "1"]

1. Nf3 g6 2. g3 Bg7 3. c4 e5 4. d3 Nc6 5. Bg2 d6 6. 0-0 Nge7 7. Nc3 0-0 8. Rb1 h6 9. b4 Be6 10. b5 Nb8 11. Nd2 d5 12. Ba3 d4 13. Na4 Bc8 14. Nc5 c6 15. bxc6 bxc6 16. Qa4 f5 17. Rb2 e4 18. Rfb1 Nd7 19. Ne6 Qe8 20. Nc7 Qf7 21. Nxa8 e3 22. Nf3 exf2+ 23. Kxf2 f4 24. Kg1 fxg3 25. hxg3 Re8 26. Nc7 Nf5 27. Nxe8 Qxe8 28. g4 Qe3+ 29. Kh2 Qf4+ 30. Kg1 Qxg4 31. Qxc6 Ne3 32. Ne1 Ne5 33. Qe4 Qg3 34. Rb8 N5g4 35. Rxc8+ Kh7 36. Nf3 Qxg2# 0-1

[Event "Titled Tuesday intern op 19th Oct"]
[Site "Chess.com INT"]
[Date "2021.10.19"]
[Round "5"]
[White "Rengifo Blancas, Renzo Jhonathan"]
[Black "Peralta, Eduardo"]
[Result "0-1"]
[WhiteElo "2131"]
[BlackElo "2218"]
[PlyCount "138"]
[EventDate "2021.10.19"]
[EventType "swiss (blitz)"]
[EventRounds "11"]
[EventCountry "USA"]
[SourceTitle "CBM 204 Extra"]
[Source "ChessBase"]
[SourceDate "2021.11.30"]
[SourceVersion "1"]
[SourceVersionDate "2021.11.30"]
[SourceQuality "1"]

1. e4 c5 2. d4 Nc6 3. c3 cxd4 4. Nf3 d3 5. Bxd3 d6 6. Bc4 g6 7. Qb3 e6 8. Bg5 Nf6 9. Nbd2 h6 10. Bf4 Bg7 11. 0-0 0-0 12. Qa3 e5 13. Be3 Qc7 14. Rad1 Rd8 15. h3 a6 16. Rfe1 b5 17. Bf1 Be6 18. b3 d5 19. exd5 Nxd5 20. Qc5 Bf8 21. Ne4 Bxc5 22. Bxc5 f5 23. Nd6 Nxc3 24. Rc1 Nxa2 25. Ra1 Rxd6 26. Bxd6 Qxd6 27. Rxa2 Bxb3 28. Rd2 Qf6 29. Rb1 Na5 30. Rd7 Be6 31. Rd6 Rd8 32. Rxa6 e4 33. Ne1 Nc4 34. Rxb5 Rd1 35. Bxc4 Rxe1+ 36. Kh2 Bxc4 37. Rb8+ Kg7 38. Rb7+ Bf7 39. Rxf6 Kxf6 40. Rb6+ Kg7 41. h4 Re2 42. Kg3 Rc2 43. f3 Rc3 44. Kf4 exf3 45. gxf3 Rc4+ 46. Kg3 Rd4 47. Ra6 g5 48. hxg5 hxg5 49. Ra5 Be6 50. Ra6 Kf6 51. Kf2 Rh4 52. Kg3 Rb4 53. Kf2 Rb2+ 54. Ke3 f4+ 55. Kd3 Rf2 56. Ke4 Re2+ 57. Kd4 Re3 58. Kc5 Rxf3 59. Kd6 Re3 60. Kc5 f3 61. Kd4 Re1 62. Ra3 g4 63. Kd3 f2 64. Ra4 Bf5+ 65. Kc3 f1Q 66. Ra6+ Kg5 67. Rd6 Rc1+ 68. Kd4 Qc4+ 69. Ke5 Re1# 0-1

[Event "Titled Tuesday intern op 21st Sept"]
[Site "Chess.com INT"]
[Date "2021.09.21"]
[Round "3"]
[White "Martinez Alcantara, Jose Eduardo"]
[Black "Peralta, Eduardo"]
[Result "0-1"]
[WhiteElo "2620"]
[BlackElo "2218"]
[PlyCount "122"]
[EventDate "2021.09.21"]
[EventType "swiss (blitz)"]
[EventRounds "9"]
[EventCountry "USA"]
[SourceTitle "EXT 2022"]
[Source "ChessBase"]
[SourceDate "2021.10.06"]
[SourceVersion "1"]
[SourceVersionDate "2021.10.06"]
[SourceQuality "1"]

1. e4 c5 2. Nf3 Nc6 3. c3 e5 4. Bc4 Nf6 5. Ng5 d5 6. exd5 Na5 7. Bb5+ Bd7 8. Qa4 a6 9. Bxd7+ Nxd7 10. d3 Be7 11. Ne6 fxe6 12. dxe6 Nc6 13. exd7+ Qxd7 14. Qe4 0-0-0 15. Be3 Qxd3 16. Qxd3 Rxd3 17. Ke2 Rhd8 18. Nd2 b6 19. Ne4 Kc7 20. h4 R8d7 21. h5 c4 22. Rh3 R3d5 23. Rg3 Bd8 24. Nd2 b5 25. Ne4 Rf7 26. Rg4 Be7 27. a4 Nd8 28. axb5 axb5 29. Ra7+ Kc6 30. h6 g6 31. Rg3 Ne6 32. Rf3 Nf4+ 33. Bxf4 exf4 34. Rh3 Re5 35. f3 Kb6 36. Rd7 Kc6 37. Ra7 Kb6 38. Ra8 Rf8 39. Rxf8 Bxf8 40. Rh1 Rh5 41. Rxh5 gxh5 42. Nf6 Bxh6 43. Nxh7 Ka5 44. Nf6 Ka4 45. Kd2 Kb3 46. Kc1 Bg7 47. Nd5 Be5 48. Nb4 Bd6 49. Nc6 Bc5 50. Kb1 Be3 51. Nd4+ Bxd4 52. cxd4 Ka4 53. Kc2 b4 54. b3+ Kb5 55. d5 c3 56. d6 Kc6 57. Kd3 Kxd6 58. Ke2 Ke5 59. Ke1 Kd4 60. Ke2 h4 61. g4 hxg3 0-1

[Event "Titled Tuesday intern op 21st Sept"]
[Site "Chess.com INT"]
[Date "2021.09.21"]
[Round "4"]
[White "Peralta, Eduardo"]
[Black "Kamsky, Gata"]
[Result "0-1"]
[WhiteElo "2218"]
[BlackElo "2662"]
[PlyCount "104"]
[EventDate "2021.09.21"]
[EventType "swiss (blitz)"]
[EventRounds "9"]
[EventCountry "USA"]
[SourceTitle "EXT 2022"]
[Source "ChessBase"]
[SourceDate "2021.10.06"]
[SourceVersion "1"]
[SourceVersionDate "2021.10.06"]
[SourceQuality "1"]

1. Nf3 Nf6 2. g3 g6 3. Bg2 Bg7 4. 0-0 0-0 5. c4 c6 6. d4 d5 7. Qb3 Qb6 8. Nc3 Rd8 9. Qa3 Bf8 10. Qa4 Be6 11. c5 Qc7 12. Bf4 Qc8 13. b4 a6 14. Qb3 Bh3 15. a4 Bxg2 16. Kxg2 Nbd7 17. b5 Nh5 18. bxc6 Nxf4+ 19. gxf4 bxc6 20. h3 Rb8 21. Qc2 Bg7 22. e3 a5 23. Rab1 Qc7 24. Qd3 f6 25. f5 Nf8 26. Rfc1 e6 27. fxe6 Nxe6 28. Qa6 f5 29. Rb6 Ra8 30. Qd3 f4 31. e4 dxe4 32. Nxe4 Nxd4 33. Qc4+ Kh8 34. Nd6 Rxd6 35. Ra6 Rdd8 36. Rxa8 Rxa8 37. Nxd4 Re8 38. Nf3 Bf6 39. Rd1 Kg7 40. Qa6 Re7 41. Qc4 g5 42. Rd6 Qc8 43. Nh2 h5 44. Nf3 Qf5 45. Nd4 Qe4+ 46. f3 Qb1 47. Ne6+ Kg6 48. Qe4+ Qxe4 49. fxe4 Rb7 50. Nxf4+ gxf4 51. e5 Rb4 52. Rxf6+ Kg5 0-1

[Event "Titled Tuesday intern op 21st Sept"]
[Site "Chess.com INT"]
[Date "2021.09.21"]
[Round "2"]
[White "Peralta, Eduardo"]
[Black "Kubicka, Anna"]
[Result "1-0"]
[WhiteElo "2218"]
[BlackElo "2274"]
[PlyCount "79"]
[EventDate "2021.09.21"]
[EventType "swiss (blitz)"]
[EventRounds "9"]
[EventCountry "USA"]
[SourceTitle "EXT 2022"]
[Source "ChessBase"]
[SourceDate "2021.10.06"]
[SourceVersion "1"]
[SourceVersionDate "2021.10.06"]
[SourceQuality "1"]

1. Nf3 d5 2. g3 g6 3. Bg2 Bg7 4. 0-0 e5 5. d3 Nc6 6. Nbd2 Nge7 7. e4 0-0 8. c3 h6 9. Re1 Be6 10. Qc2 Qd7 11. b4 a6 12. a4 b5 13. Nb3 d4 14. Nc5 Qc8 15. Nxe6 Qxe6 16. cxd4 exd4 17. Bd2 Qd7 18. Rec1 Rab8 19. axb5 axb5 20. Qb3 Ne5 21. Nxe5 Bxe5 22. Bxh6 Bg7 23. Bf4 Nc6 24. Rc5 Rfe8 25. Rac1 Ne5 26. Rxc7 Qe6 27. Qc2 Qg4 28. Bxe5 Bxe5 29. h3 Qe6 30. Rc6 Qe7 31. f4 Bd6 32. e5 Bxb4 33. Bd5 Bc3 34. Rxg6+ Kh7 35. Rf6 Rf8 36. Qe2 Kg7 37. Qg4+ Kh7 38. Qh5+ Kg7 39. Qg5+ Kh7 40. Rh6# 1-0

[Event "Titled Tuesday intern op 14th Sept"]
[Site "Chess.com INT"]
[Date "2021.09.14"]
[Round "4"]
[White "Peralta, Eduardo"]
[Black "Svane, Rasmus"]
[Result "1/2-1/2"]
[WhiteElo "2218"]
[BlackElo "2623"]
[PlyCount "121"]
[EventDate "2021.09.14"]
[EventType "swiss (blitz)"]
[EventRounds "11"]
[EventCountry "USA"]
[SourceTitle "EXT 2022"]
[Source "ChessBase"]
[SourceDate "2021.10.06"]
[SourceVersion "1"]
[SourceVersionDate "2021.10.06"]
[SourceQuality "1"]

1. Nf3 d5 2. g3 g6 3. Bg2 Bg7 4. 0-0 e5 5. d3 Nc6 6. Nbd2 Nge7 7. c4 d4 8. e3 dxe3 9. Ne4 f5 10. Nc3 exf2+ 11. Rxf2 0-0 12. Be3 Nd4 13. Qd2 Nec6 14. Nd5 Nxf3+ 15. Bxf3 Be6 16. Re1 Qd7 17. a3 Rae8 18. Bg2 b6 19. Bh6 Nd4 20. Bxg7 Qxg7 21. Nb4 Bd7 22. Bd5+ Kh8 23. Bg2 Qf6 24. Nc2 Nxc2 25. Qxc2 Qd6 26. Bd5 c6 27. Bg2 Kg7 28. b4 c5 29. Qb2 Qd4 30. Bd5 Kf6 31. bxc5 bxc5 32. Qb7 Re7 33. Qxa7 Kg7 34. Qa5 Rb8 35. Qc7 Rbe8 36. Qb6 Be6 37. Bg2 Bf7 38. Qb2 Qxd3 39. Bc6 Rc8 40. Rxe5 Rxe5 41. Qxe5+ Kg8 42. Bd5 Bxd5 43. Qxd5+ Qxd5 44. cxd5 Kf7 45. Re2 c4 46. d6 c3 47. d7 Rd8 48. Rc2 Rxd7 49. Rxc3 Rd1+ 50. Kg2 Rd2+ 51. Kg1 Kf6 52. Rc7 h6 53. a4 Ra2 54. Rc6+ Kg5 55. Rc4 Kh5 56. Rd4 Kg5 57. Rc4 Rb2 58. Rd4 Rc2 59. Rb4 Re2 60. Rd4 Ra2 61. Rc4 1/2-1/2

[Event "Titled Tuesday intern op 14th Sept"]
[Site "Chess.com INT"]
[Date "2021.09.14"]
[Round "2"]
[White "Turzo, Attila"]
[Black "Peralta, Eduardo"]
[Result "0-1"]
[WhiteElo "2312"]
[BlackElo "2218"]
[PlyCount "60"]
[EventDate "2021.09.14"]
[EventType "swiss (blitz)"]
[EventRounds "11"]
[EventCountry "USA"]
[SourceTitle "EXT 2022"]
[Source "ChessBase"]
[SourceDate "2021.10.06"]
[SourceVersion "1"]
[SourceVersionDate "2021.10.06"]
[SourceQuality "1"]

1. d4 c5 2. d5 Nf6 3. c4 g6 4. Nc3 d6 5. Nf3 Bg7 6. e4 0-0 7. Be2 e6 8. Nd2 Re8 9. 0-0 Na6 10. a4 Nb4 11. Re1 b6 12. Bf1 Ba6 13. Nb5 Bxb5 14. axb5 exd5 15. cxd5 Nfxd5 16. exd5 Rxe1 17. Qxe1 Nc2 18. Qe4 Nxa1 19. Qa4 Qe8 20. Qxa1 Qe1 21. Nb3 Qd1 22. Qa4 Re8 23. Be3 Qxd5 24. Qxa7 Qxb3 25. Qxb6 Rxe3 26. Qd8+ Bf8 27. fxe3 Qxe3+ 28. Kh1 Qf2 29. h3 Qxf1+ 30. Kh2 Qxb5 0-1

[Event "Titled Tuesday intern op 07th Sept"]
[Site "Chess.com INT"]
[Date "2021.09.07"]
[Round "2"]
[White "Peralta, Eduardo"]
[Black "Dos Santos, Lucas Aparecido"]
[Result "1-0"]
[WhiteElo "2218"]
[BlackElo "2014"]
[PlyCount "63"]
[EventDate "2021.09.07"]
[EventType "swiss (blitz)"]
[EventRounds "11"]
[EventCountry "USA"]
[SourceTitle "EXT 2022"]
[Source "ChessBase"]
[SourceDate "2021.10.06"]
[SourceVersion "1"]
[SourceVersionDate "2021.10.06"]
[SourceQuality "1"]

1. Nf3 Nf6 2. g3 e6 3. Bg2 Be7 4. 0-0 0-0 5. d3 d5 6. Nbd2 c5 7. e4 Nc6 8. Re1 b6 9. e5 Nd7 10. Nf1 f5 11. exf6 Nxf6 12. Bg5 Bd6 13. c4 h6 14. Bc1 Ne7 15. d4 cxd4 16. Nxd4 e5 17. Nb5 Bb7 18. Ne3 Bb4 19. Bd2 Bxd2 20. Qxd2 d4 21. Bxb7 dxe3 22. Qxe3 Rb8 23. Rad1 Qe8 24. Qxe5 Rxb7 25. Nd6 Ng4 26. Qe6+ Kh8 27. Nxe8 Nxf2 28. Rd8 Nf5 29. Nd6 Rxd8 30. Nxb7 Rd2 31. Qxf5 Rxb2 32. Re8# 1-0

[Event "Titled Tuesday intern op 31st Aug"]
[Site "Chess.com INT"]
[Date "2021.08.31"]
[Round "1"]
[White "Peralta, Eduardo"]
[Black "Shalkhatsky, Vladimir"]
[Result "1-0"]
[WhiteElo "2218"]
[BlackElo "2257"]
[PlyCount "103"]
[EventDate "2021.08.31"]
[EventType "swiss (blitz)"]
[EventRounds "11"]
[EventCountry "USA"]
[SourceTitle "EXT 2022"]
[Source "ChessBase"]
[SourceDate "2021.10.06"]
[SourceVersion "1"]
[SourceVersionDate "2021.10.06"]
[SourceQuality "1"]

1. Nf3 e6 2. g3 d5 3. Bg2 c6 4. 0-0 Be7 5. d3 Nf6 6. Nbd2 0-0 7. c4 Nbd7 8. b3 b6 9. Bb2 Bb7 10. e4 c5 11. Qe2 d4 12. e5 Ne8 13. h4 Qc7 14. Rfe1 h6 15. Nf1 Bc6 16. N1h2 Qb7 17. b4 cxb4 18. Bh3 Nc5 19. Nxd4 Rd8 20. Nxc6 Qxc6 21. Bg2 Qd7 22. d4 Na4 23. Rad1 Nxb2 24. Qxb2 Qa4 25. d5 Bc5 26. Qe2 b3 27. axb3 Qxb3 28. Nf1 exd5 29. cxd5 Nc7 30. d6 Ne6 31. Bd5 Qc3 32. Rd3 Qb4 33. Kh1 Nd4 34. Qd1 Rfe8 35. Re4 Qb2 36. Rdxd4 Bxd4 37. Rxd4 Qxf2 38. Rf4 Qc5 39. Bxf7+ Kh8 40. Bxe8 Rxe8 41. d7 Rd8 42. Qd6 Qxd6 43. exd6 Rxd7 44. Rd4 Kg8 45. Nd2 Kf7 46. Nc4 Ke6 47. Kg2 b5 48. Re4+ Kd5 49. Re7 Kc6 50. Ne5+ Kxd6 51. Rxd7+ Kxe5 52. Rxa7 1-0

[Event "Titled Tuesday intern op 10th Aug"]
[Site "Chess.com INT"]
[Date "2021.08.10"]
[Round "4"]
[White "Makhnev, Denis"]
[Black "Peralta, Eduardo"]
[Result "0-1"]
[WhiteElo "2513"]
[BlackElo "2218"]
[PlyCount "78"]
[EventDate "2021.08.10"]
[EventType "swiss (blitz)"]
[EventRounds "11"]
[EventCountry "USA"]
[SourceTitle "CBM 203 Extra"]
[Source "ChessBase"]
[SourceDate "2021.09.30"]
[SourceVersion "1"]
[SourceVersionDate "2021.09.30"]
[SourceQuality "1"]

1. d4 c5 2. d5 Nf6 3. Nc3 g6 4. e4 d6 5. Bb5+ Nbd7 6. a4 Bg7 7. Nf3 0-0 8. 0-0 a6 9. Be2 b6 10. h3 Ne8 11. Bf4 Ne5 12. Nd2 f5 13. exf5 Bxf5 14. Bg3 Nc7 15. Re1 h6 16. Nf1 b5 17. axb5 axb5 18. Rxa8 Qxa8 19. Nxb5 Nxd5 20. Bxe5 dxe5 21. Bf3 e4 22. Bxe4 Bxe4 23. Rxe4 Nf4 24. Ng3 Kh8 25. Qg4 h5 26. Qg5 e5 27. Kh2 Qc6 28. c4 Qb6 29. Re3 Qc6 30. Ne4 Qe6 31. b3 Rf5 32. Qd8+ Rf8 33. Qd6 Qc8 34. Qxc5 Qa8 35. Nbd6 Qa1 36. Qc7 Qf1 37. Rg3 Ne2 38. Nf7+ Rxf7 39. Qc8+ Rf8 0-1

[Event "Titled Tuesday intern op 10th Aug"]
[Site "Chess.com INT"]
[Date "2021.08.10"]
[Round "7"]
[White "Pichot, Alan"]
[Black "Peralta, Eduardo"]
[Result "1-0"]
[WhiteElo "2624"]
[BlackElo "2218"]
[PlyCount "97"]
[EventDate "2021.08.10"]
[EventType "swiss (blitz)"]
[EventRounds "11"]
[EventCountry "USA"]
[SourceTitle "CBM 203 Extra"]
[Source "ChessBase"]
[SourceDate "2021.09.30"]
[SourceVersion "1"]
[SourceVersionDate "2021.09.30"]
[SourceQuality "1"]

1. c4 Nf6 2. Nc3 c5 3. Nf3 Nc6 4. g3 g6 5. Bg2 Bg7 6. 0-0 0-0 7. d4 d5 8. dxc5 d4 9. Nb5 e5 10. b3 Ne8 11. Nd2 a6 12. Nd6 Nxd6 13. cxd6 Qxd6 14. Ne4 Qe7 15. c5 Be6 16. Bg5 f6 17. Bd2 Bd5 18. Nxf6+ Bxf6 19. Bxd5+ Kh8 20. Qc2 a5 21. a3 d3 22. Qxd3 Qxc5 23. e4 Rac8 24. Be3 Nd4 25. Rfc1 Qd6 26. Kg2 Bg7 27. Rxc8 Rxc8 28. Rc1 Rf8 29. a4 Qf6 30. Qd1 Qb6 31. h4 h6 32. Qg4 Kh7 33. Rc8 Qd6 34. Rxf8 Qxf8 35. h5 gxh5 36. Qxh5 Qc8 37. Qf7 b6 38. Bxd4 exd4 39. e5 Qf8 40. Be4+ Kh8 41. Qg6 Kg8 42. e6 Qf6 43. Qxf6 Bxf6 44. f4 Kf8 45. Kf3 Ke7 46. f5 Kd6 47. Kg4 Ke7 48. Kh5 Bg5 49. Kg6 1-0